[Event "CRO-chT (Women) 24th"]
[Site "Bol"]
[Date "2015.10.10"]
[Round "9.24"]
[White "Cvitan, Ena"]
[Black "Djeno, Snjezana"]
[Result "1/2-1/2"]
[WhiteElo "2007"]
[BlackElo "1971"]
[PlyCount "47"]
[EventDate "2015.10.03"]
[EventType "team-tourn"]
[EventRounds "9"]
[EventCountry "CRO"]
[SourceTitle "CBM 168 Extra"]
[Source "ChessBase"]
[SourceDate "2015.10.29"]
[SourceVersion "1"]
[SourceVersionDate "2015.10.29"]
[SourceQuality "1"]
[WhiteTeam "Rijeka Liburija (W)"]
[BlackTeam "Busevec Polet (W)"]
[WhiteTeamCountry "CRO"]
[BlackTeamCountry "CRO"]

1. d4 d5 2. c4 e6 3. Nc3 Nf6 4. cxd5 exd5 5. Bg5 Be7 6. e3 0-0 7. Bd3 b6 8. Qc2 h6 9. Bh4 Bb7 10. Nf3 c5 11. 0-0 Nbd7 12. Rad1 Rc8 13. Qb1 Ne4 14. Nxe4 Bxh4 15. Nd6 Rc7 16. Nxb7 Rxb7 17. Bh7+ Kh8 18. Bd3 Kg8 19. Bh7+ Kh8 20. Bd3 Kg8 21. Bh7+ Kh8 22. Bd3 Kg8 23. Bh7+ Kh8 24. Bd3 1/2-1/2

[Event "CRO-chT (Women)"]
[Site "Bol"]
[Date "2014.10.07"]
[Round "4.4"]
[White "Brigljevic, Iva Mila"]
[Black "Djeno, Snjezana"]
[Result "1/2-1/2"]
[WhiteElo "1664"]
[BlackElo "2005"]
[PlyCount "64"]
[EventDate "2014.10.04"]
[EventType "team-tourn"]
[EventRounds "7"]
[EventCountry "CRO"]
[SourceTitle "CBM 162 Extra"]
[Source "ChessBase"]
[SourceDate "2014.10.17"]
[SourceVersion "1"]
[SourceVersionDate "2014.10.17"]
[SourceQuality "1"]
[WhiteTeam "Sisak (W)"]
[BlackTeam "Busevec Polet (W)"]
[WhiteTeamCountry "CRO"]
[BlackTeamCountry "CRO"]

1. d4 f5 2. Nc3 Nf6 3. Bg5 e6 4. e4 fxe4 5. Nxe4 Be7 6. Bxf6 Bxf6 7. Nf3 d5 8. Nc5 0-0 9. Bd3 b6 10. Nb3 c5 11. c4 cxd4 12. cxd5 exd5 13. 0-0 Bg4 14. h3 Bh5 15. g4 Be8 16. Nbxd4 Qd6 17. Qc2 h6 18. Bf5 Nc6 19. Rad1 Nxd4 20. Nxd4 Bd7 21. Bxd7 Qxd7 22. Qb3 Kh8 23. Rd3 Rad8 24. Rfd1 Bxd4 25. Rxd4 Qf7 26. R1d2 Rfe8 27. Rxd5 Rxd5 28. Qxd5 Qc7 29. Kg2 Rf8 30. Qd6 Qf7 31. Qd5 Qc7 32. Qd6 Qf7 1/2-1/2

[Event "CRO-chT (Women)"]
[Site "Bol"]
[Date "2014.10.05"]
[Round "2.3"]
[White "Macek, Vlasta"]
[Black "Djeno, Snjezana"]
[Result "1-0"]
[WhiteElo "2150"]
[BlackElo "2005"]
[PlyCount "89"]
[EventDate "2014.10.04"]
[EventType "team-tourn"]
[EventRounds "7"]
[EventCountry "CRO"]
[SourceTitle "CBM 162 Extra"]
[Source "ChessBase"]
[SourceDate "2014.10.17"]
[SourceVersion "1"]
[SourceVersionDate "2014.10.17"]
[SourceQuality "1"]
[WhiteTeam "Zagreb Mladost (W)"]
[BlackTeam "Busevec Polet (W)"]
[WhiteTeamCountry "CRO"]
[BlackTeamCountry "CRO"]

1. d4 Nf6 2. Nf3 g6 3. g3 Bg7 4. Bg2 0-0 5. 0-0 d6 6. c4 Nbd7 7. Nc3 e5 8. e4 exd4 9. Nxd4 Re8 10. Nc2 Nc5 11. f3 a5 12. Be3 Ncd7 13. Qd2 Ne5 14. b3 Bd7 15. a4 Qc8 16. Rad1 Bh3 17. Nb5 Bxg2 18. Kxg2 Nc6 19. Rfe1 Re5 20. Ncd4 Rh5 21. h4 Ne5 22. Qe2 Nc6 23. Rh1 Re5 24. Nc3 Re8 25. Qd2 h5 26. Ndb5 Ne5 27. Rhf1 Rf8 28. Bg5 Ned7 29. Qc2 Nc5 30. Bxf6 Bxf6 31. Nd5 Qd8 32. Nxf6+ Qxf6 33. Nxc7 Rac8 34. Nd5 Qe6 35. Nf4 Qe7 36. Rd5 b6 37. Nd3 Ne6 38. Nf2 Rc5 39. Rfd1 Rxd5 40. Rxd5 Nc7 41. Rd2 f5 42. exf5 gxf5 43. Nh3 Ne6 44. Qd1 f4 45. Rxd6 1-0

[Event "CRO-chT (Women)"]
[Site "Bol"]
[Date "2013.09.15"]
[Round "2.2"]
[White "Stadler, Brigita"]
[Black "Djeno, Snjezana"]
[Result "0-1"]
[WhiteElo "2096"]
[BlackElo "2013"]
[PlyCount "66"]
[EventDate "2013.09.14"]
[EventType "team-tourn"]
[EventRounds "7"]
[EventCountry "CRO"]
[SourceTitle "CBM 156 Extra"]
[Source "ChessBase"]
[SourceDate "2013.10.22"]
[SourceVersion "1"]
[SourceVersionDate "2013.10.22"]
[SourceQuality "1"]
[WhiteTeam "Zagreb Mladost (W)"]
[BlackTeam "Busevec Polet (W)"]
[WhiteTeamCountry "CRO"]
[BlackTeamCountry "CRO"]

1. e4 e5 2. Nf3 Nf6 3. Nc3 Nc6 4. g3 Bb4 5. d3 d5 6. exd5 Bxc3+ 7. bxc3 Nxd5 8. Bd2 0-0 9. Bg2 Bg4 10. h3 Bh5 11. 0-0 f5 12. Qb1 Qd6 13. Qb3 Na5 14. Qa4 Nc6 15. Qb3 e4 16. Bf4 Na5 17. Bxd6 Nxb3 18. Nh2 Nxa1 19. Bxf8 Nxc2 20. Rc1 exd3 21. Bxd5+ Kxf8 22. g4 Bg6 23. Bxb7 Re8 24. Nf3 fxg4 25. hxg4 h5 26. gxh5 Bxh5 27. Rd1 Ne1 28. Nxe1 Bxd1 29. Nxd3 Bc2 30. Nc5 Re1+ 31. Kg2 Ke7 32. Kf3 Kd6 33. Na6 c5 0-1

[Event "CRO-chT (Women) 21st"]
[Site "Sibenik"]
[Date "2012.09.25"]
[Round "3.2"]
[White "Djeno, Snjezana"]
[Black "Starcevic, Andrea"]
[Result "1-0"]
[WhiteElo "2019"]
[BlackElo "1865"]
[PlyCount "103"]
[EventDate "2012.09.23"]
[EventType "team-tourn"]
[EventRounds "9"]
[EventCountry "CRO"]
[SourceTitle "CBM 150 Extra"]
[Source "ChessBase"]
[SourceDate "2012.10.19"]
[SourceVersion "1"]
[SourceVersionDate "2012.10.19"]
[SourceQuality "1"]
[WhiteTeam "Busevec Polet (W)"]
[BlackTeam "Ravna Gora Goranka (W)"]
[WhiteTeamCountry "CRO"]
[BlackTeamCountry "CRO"]

1. e4 c5 2. f4 d6 3. Nf3 Nc6 4. Bb5 Bd7 5. Bxc6 Bxc6 6. Nc3 e6 7. 0-0 Nf6 8. d3 Be7 9. Kh1 0-0 10. Bd2 b5 11. Qe1 b4 12. Ne2 a5 13. Qg3 Ne8 14. Qh3 f5 15. e5 d5 16. Qg3 Kh8 17. Neg1 g6 18. Nh3 Ng7 19. Nhg5 Bxg5 20. Nxg5 Qe7 21. Be1 Rae8 22. Qe3 d4 23. Qd2 Nh5 24. h3 Rg8 25. Bh4 Qg7 26. Kh2 h6 27. g4 fxg4 28. hxg4 hxg5 29. Bxg5 Qh7 30. gxh5 Qxh5+ 31. Kg3 Kg7 32. Bf6+ Kf8 33. Qh2 Qxh2+ 34. Kxh2 Rc8 35. a3 Ra8 36. axb4 cxb4 37. b3 Kf7 38. Kg3 Ra7 39. Rf2 Rga8 40. Rh2 a4 41. Kg4 Ra6 42. Rh7+ Ke8 43. Re7+ Kf8 44. Kg5 axb3 45. Rxa6 b2 46. Rxc6 b1Q 47. Kxg6 Qg1+ 48. Bg5 Qh2 49. Rh7 Qxh7+ 50. Kxh7 Ra2 51. Kg6 Ke8 52. Rxe6+ 1-0

[Event "CRO-chT (Women) 21st"]
[Site "Sibenik"]
[Date "2012.09.25"]
[Round "4.4"]
[White "Kanceljak, Dalia"]
[Black "Djeno, Snjezana"]
[Result "1/2-1/2"]
[WhiteElo "1920"]
[BlackElo "2019"]
[PlyCount "57"]
[EventDate "2012.09.23"]
[EventType "team-tourn"]
[EventRounds "9"]
[EventCountry "CRO"]
[SourceTitle "CBM 150 Extra"]
[Source "ChessBase"]
[SourceDate "2012.10.19"]
[SourceVersion "1"]
[SourceVersionDate "2012.10.19"]
[SourceQuality "1"]
[WhiteTeam "Rijeka Milenij Hoteli (W)"]
[BlackTeam "Busevec Polet (W)"]
[WhiteTeamCountry "CRO"]
[BlackTeamCountry "CRO"]

1. e4 e5 2. Nf3 Nf6 3. Nc3 Nc6 4. Be2 d5 5. exd5 Nxd5 6. Nxd5 Qxd5 7. d3 Bc5 8. 0-0 0-0 9. Be3 Bxe3 10. fxe3 e4 11. c4 Qd6 12. dxe4 Qh6 13. Qb3 Bg4 14. Rae1 Rad8 15. Bd1 Bxf3 16. Bxf3 Ne5 17. Be2 c5 18. Rd1 b6 19. Rd5 Qe6 20. Rfd1 Rde8 21. Qc2 Qe7 22. Rf1 Nc6 23. a3 Qxe4 24. Qxe4 Rxe4 25. Rf3 Rfe8 26. Kf2 Ne5 27. Rf4 Rxf4+ 28. exf4 Nc6 29. Rd7 1/2-1/2

[Event "CRO-chT (Women) 20th"]
[Site "Sibenik"]
[Date "2011.10.08"]
[Round "6.4"]
[White "Djeno, Snjezana"]
[Black "Ivekovic, Tihana"]
[Result "0-1"]
[WhiteElo "2029"]
[BlackElo "2038"]
[PlyCount "88"]
[EventDate "2011.10.04"]
[EventType "team-tourn"]
[EventRounds "7"]
[EventCountry "CRO"]
[SourceTitle "CBM 144 Extra"]
[Source "ChessBase"]
[SourceDate "2011.10.28"]
[SourceVersion "1"]
[SourceVersionDate "2011.10.28"]
[SourceQuality "1"]
[WhiteTeam "Busevec Polet (W)"]
[BlackTeam "Zagreb Mladost (W)"]
[WhiteTeamCountry "CRO"]
[BlackTeamCountry "CRO"]

1. e4 e5 2. Nf3 Nc6 3. Bc4 Nf6 4. d3 Be7 5. c3 d6 6. 0-0 0-0 7. Bb3 d5 8. exd5 Nxd5 9. h3 Kh8 10. Re1 Bf6 11. Be3 Bf5 12. Bc2 Qd7 13. Nbd2 Rad8 14. Ne4 Nxe3 15. Rxe3 Bxe4 16. Rxe4 g6 17. b4 Bg7 18. b5 Nb8 19. Nxe5 Qxb5 20. Qe1 f6 21. Rb1 Qa6 22. Nxg6+ hxg6 23. Rh4+ Kg8 24. Bb3+ Rf7 25. Qe7 Rdf8 26. Bxf7+ Rxf7 27. Qe8+ Rf8 28. Qxg6 Nc6 29. Qh7+ Kf7 30. Rg4 Rg8 31. Qh5+ Kf8 32. Re1 Ne5 33. d4 Rh8 34. Qf5 Nxg4 35. Qc8+ Kf7 36. Qd7+ Kg6 37. Qxg4+ Kf7 38. Qd7+ Kg6 39. Re7 Rg8 40. Qg4+ Kh6 41. Qf4+ Kg6 42. g4 Qb5 43. h4 Kh7 44. Qh6+ Kxh6 0-1

[Event "CRO-chT (Women) 20th"]
[Site "Sibenik"]
[Date "2011.10.04"]
[Round "1.4"]
[White "Starcevic, Andrea"]
[Black "Djeno, Snjezana"]
[Result "1/2-1/2"]
[WhiteElo "1834"]
[BlackElo "2029"]
[PlyCount "127"]
[EventDate "2011.10.04"]
[EventType "team-tourn"]
[EventRounds "7"]
[EventCountry "CRO"]
[SourceTitle "CBM 144 Extra"]
[Source "ChessBase"]
[SourceDate "2011.10.28"]
[SourceVersion "1"]
[SourceVersionDate "2011.10.28"]
[SourceQuality "1"]
[WhiteTeam "Ravna Gora Goranka (W)"]
[BlackTeam "Busevec Polet (W)"]
[WhiteTeamCountry "CRO"]
[BlackTeamCountry "CRO"]

1. c4 e5 2. Nc3 Nf6 3. g3 d5 4. cxd5 Nxd5 5. Bg2 Nb6 6. Nf3 Nc6 7. d3 Be7 8. 0-0 0-0 9. Be3 Be6 10. Qd2 f6 11. a3 Qd7 12. Rfe1 Rad8 13. b4 Nd4 14. Rab1 Bg4 15. Bxd4 exd4 16. Ne4 Na4 17. Rec1 f5 18. Neg5 Bxg5 19. Nxg5 Nc3 20. Rxc3 dxc3 21. Qa2+ Kh8 22. Ne6 c2 23. Rc1 Bxe2 24. Rxc2 Bxd3 25. Rxc7 Qd6 26. Qb2 Rf6 27. Nxd8 Qxc7 28. Nxb7 Be4 29. Bxe4 fxe4 30. Qd4 h6 31. Qxe4 Qc6 32. Qxc6 Rxc6 33. Nc5 Kg8 34. Kf1 a5 35. Ke2 axb4 36. axb4 Rb6 37. Nd3 Kf7 38. Kd2 Ke6 39. Kc3 Kd5 40. Nc5 Rf6 41. f4 Rf7 42. Nd3 Ra7 43. h3 Ra3+ 44. Kd2 Kd4 45. Nc1 Kc4 46. Ne2 Kxb4 47. Ke1 Kc4 48. Kf2 Ra1 49. g4 Kd3 50. Ng3 Ra2+ 51. Kf3 g6 52. f5 g5 53. Nh5 Ra7 54. Nf6 Ra2 55. Kg3 Ke2 56. Nd7 Ra3+ 57. Kg2 Ra7 58. Ne5 Ra6 59. Nf7 Ke3 60. Kg3 Ke4 61. Nd8 Rd6 62. Ne6 Ke5 63. Ng7 Rd3+ 64. Kg2 1/2-1/2

[Event "CRO-chT (Women)"]
[Site "Sibenik"]
[Date "2010.09.11"]
[Round "8"]
[White "Djeno, Snjezana"]
[Black "Svaljek, Radmila"]
[Result "1/2-1/2"]
[WhiteElo "2045"]
[BlackElo "2007"]
[PlyCount "119"]
[EventDate "2010.09.04"]
[EventType "team-tourn"]
[EventRounds "9"]
[EventCountry "CRO"]
[SourceTitle "CBM 138 Extra"]
[Source "ChessBase"]
[SourceDate "2010.10.29"]
[SourceVersion "1"]
[SourceVersionDate "2010.10.29"]
[SourceQuality "1"]

1. e4 e6 2. d4 d5 3. Nc3 dxe4 4. Nxe4 Bd7 5. Bd3 Bc6 6. Nf3 Bxe4 7. Bxe4 c6 8. 0-0 Nf6 9. Bd3 Nbd7 10. c4 Be7 11. Re1 0-0 12. Bf4 Re8 13. Qc2 Nf8 14. Rad1 Qa5 15. Bd2 Qc7 16. Ne5 Ng6 17. Bxg6 hxg6 18. Bf4 Qa5 19. Bd2 Qc7 20. Bf4 Qa5 21. c5 Nd5 22. Nc4 Qa6 23. Bd6 Bf6 24. Be5 Be7 25. Bd6 Bf6 26. a3 Rad8 27. g3 Ne7 28. Be5 Rd5 29. Nd6 Rf8 30. Re3 Bxe5 31. dxe5 b6 32. Rxd5 Nxd5 33. Re4 bxc5 34. Ra4 Qb6 35. Nc4 Qb8 36. Ra5 Nb6 37. Rxc5 Nxc4 38. Rxc4 Qxe5 39. Rxc6 Qb8 40. b3 Rd8 41. Rc7 a6 42. Qc4 Qb6 43. Qf4 Rf8 44. b4 a5 45. Qc4 axb4 46. axb4 e5 47. b5 e4 48. Rc6 Qa5 49. Rxg6 Qe1+ 50. Kg2 e3 51. fxe3 Qxe3 52. Rc6 Qd2+ 53. Kh3 Qg5 54. b6 Qf5+ 55. Qg4 Qf1+ 56. Kh4 Qg2 57. Qd7 Qxh2+ 58. Kg4 Qe2+ 59. Kh3 Qh5+ 60. Kg2 1/2-1/2

[Event "CRO-chT (Women)"]
[Site "Sibenik"]
[Date "2010.09.09"]
[Round "6"]
[White "Purgar, Ivona"]
[Black "Djeno, Snjezana"]
[Result "1-0"]
[WhiteElo "2091"]
[BlackElo "2045"]
[PlyCount "83"]
[EventDate "2010.09.04"]
[EventType "team-tourn"]
[EventRounds "9"]
[EventCountry "CRO"]
[SourceTitle "CBM 138 Extra"]
[Source "ChessBase"]
[SourceDate "2010.10.29"]
[SourceVersion "1"]
[SourceVersionDate "2010.10.29"]
[SourceQuality "1"]

1. e4 d5 2. exd5 Qxd5 3. Nc3 Qd6 4. d4 Nf6 5. Nf3 a6 6. g3 b5 7. Bg2 Bb7 8. 0-0 e6 9. Bf4 Qb6 10. a4 c6 11. Ne5 Be7 12. Ne4 0-0 13. Bg5 Nxe4 14. Bxe7 Re8 15. Ba3 Nf6 16. c4 bxa4 17. Bc5 Qc7 18. Bb4 Nfd7 19. Nxf7 a5 20. Bd6 Qb6 21. c5 Qb4 22. Ng5 Nf6 23. Re1 Bc8 24. Bxb8 Rxb8 25. Bxc6 Rd8 26. Rxa4 Qxb2 27. Nxe6 Bxe6 28. Rxe6 Qc3 29. Re3 Qb2 30. d5 Rb4 31. Rxa5 Rd4 32. Qe1 Rd2 33. d6 Kf8 34. Ra1 Qd4 35. Re8+ Kf7 36. Re7+ Kf8 37. Kg2 Rc2 38. Rb7 Ne4 39. Bxe4 Rxc5 40. d7 Rd5 41. Bxd5 Qxd5+ 42. Kg1 1-0

[Event "CRO-chT (Women)"]
[Site "Sibenik"]
[Date "2010.09.04"]
[Round "1"]
[White "Djeno, Snjezana"]
[Black "Mrakovcic, Karmen"]
[Result "1-0"]
[WhiteElo "2045"]
[BlackElo "1712"]
[PlyCount "97"]
[EventDate "2010.09.04"]
[EventType "team-tourn"]
[EventRounds "9"]
[EventCountry "CRO"]
[SourceTitle "CBM 138 Extra"]
[Source "ChessBase"]
[SourceDate "2010.10.29"]
[SourceVersion "1"]
[SourceVersionDate "2010.10.29"]
[SourceQuality "1"]

1. e4 c5 2. Nf3 d6 3. d4 cxd4 4. Qxd4 Nc6 5. Bb5 Bd7 6. Bxc6 bxc6 7. c4 Nf6 8. Bg5 Qb6 9. Nc3 Bg4 10. Qxb6 axb6 11. Nd4 Bd7 12. f3 h6 13. Bh4 g5 14. Bf2 Bg7 15. 0-0-0 0-0 16. Kb1 Rfb8 17. Nf5 Bxf5 18. exf5 Ra5 19. Rhe1 Kf8 20. g4 b5 21. cxb5 cxb5 22. Ne4 b4 23. Bd4 Rba8 24. Bxf6 Bxf6 25. Nxf6 exf6 26. Rxd6 Rxa2 27. Kc2 Rb8 28. Kb3 Ra5 29. Rxf6 Kg7 30. Rd6 h5 31. Re4 hxg4 32. fxg4 Ra1 33. Rd3 Rh1 34. Rxb4 Rxb4+ 35. Kxb4 Rxh2 36. Kc3 Rg2 37. Rd4 Kf6 38. Re4 Rg1 39. b4 Rf1 40. Kd4 Rc1 41. b5 Rb1 42. Kc5 Rc1+ 43. Kd6 Rb1 44. Kc6 Rc1+ 45. Kb7 Rb1 46. b6 Rc1 47. Kb8 Rb1 48. b7 Rb2 49. Ra4 1-0

[Event "CRO-chT (Women) 18th"]
[Site "Sibenik"]
[Date "2009.09.25"]
[Round "5"]
[White "Djeno, Snjezana"]
[Black "Tomulic, Vesna"]
[Result "1-0"]
[WhiteElo "2022"]
[BlackElo "1917"]
[PlyCount "101"]
[EventDate "2009.09.21"]
[EventType "team-tourn"]
[EventRounds "9"]
[EventCountry "CRO"]
[SourceTitle "CBM 132 Extra"]
[Source "ChessBase"]
[SourceDate "2009.11.03"]
[SourceVersion "1"]
[SourceVersionDate "2009.11.03"]
[SourceQuality "1"]

1. e4 c5 2. b3 e6 3. Bb2 Nf6 4. Nc3 d5 5. e5 Nfd7 6. f4 a6 7. Nf3 Nc6 8. a3 b5 9. a4 b4 10. Ne2 Nb6 11. Ng3 Be7 12. Be2 0-0 13. 0-0 a5 14. Bb5 Qc7 15. Nh5 Nd7 16. Qe1 Bb7 17. Qg3 g6 18. Bd3 Ba6 19. Bxa6 Rxa6 20. Nf6+ Bxf6 21. exf6 d4 22. c3 Nxf6 23. cxd4 cxd4 24. Kh1 Rd8 25. Ng5 Ne7 26. Qd3 Rad6 27. Rac1 Qb6 28. Rc4 Nc6 29. Rfc1 e5 30. Qf3 e4 31. Nxe4 Nxe4 32. Qxe4 Nb8 33. h3 Re6 34. Qd3 Nc6 35. Rc5 Rdd6 36. Rb5 Qd8 37. Rbc5 Qb6 38. R1c4 Qd8 39. Rc2 Qb6 40. Rc1 Qd8 41. Qb5 Qd7 42. Qc4 Kf8 43. Qb5 Kg8 44. f5 Rf6 45. Rf1 Qe7 46. Qd3 Kf8 47. Qf3 Kg8 48. d3 Kf8 49. Bc1 Rde6 50. Rb5 Re5 51. Bg5 1-0

[Event "CRO-chT (Women) 18th"]
[Site "Sibenik"]
[Date "2009.09.22"]
[Round "2"]
[White "Djeno, Snjezana"]
[Black "Kukic, Lora"]
[Result "1-0"]
[WhiteElo "2022"]
[BlackElo "1721"]
[PlyCount "70"]
[EventDate "2009.09.21"]
[EventType "team-tourn"]
[EventRounds "9"]
[EventCountry "CRO"]
[SourceTitle "CBM 132 Extra"]
[Source "ChessBase"]
[SourceDate "2009.11.03"]
[SourceVersion "1"]
[SourceVersionDate "2009.11.03"]
[SourceQuality "1"]

1. c4 e6 2. g3 Nf6 3. Nc3 c5 4. Bg2 Be7 5. e3 Nc6 6. Nge2 d5 7. cxd5 exd5 8. d4 c4 9. Nf4 Be6 10. 0-0 a6 11. h3 Bb4 12. Bd2 b5 13. Re1 0-0 14. e4 Bxc3 15. bxc3 dxe4 16. Nxe6 fxe6 17. Bg5 Qd6 18. Qc2 e3 19. Rxe3 Nd5 20. Re2 h6 21. Bxh6 Nxc3 22. Qxc3 gxh6 23. Re4 Rf5 24. Rae1 Re8 25. Rh4 Kf7 26. Ree4 e5 27. dxe5 Rexe5 28. Qe3 h5 29. Rxe5 Nxe5 30. Be4 Qd1+ 31. Kg2 Rf6 32. Qa7+ Nd7 33. Qb7 c3 34. Bd5+ Ke7 35. Re4+ Kd8 1-0

[Event "Valpovo op (Women)"]
[Site "Valpovo"]
[Date "2008.12.07"]
[Round "7"]
[White "Djeno, Snjezana"]
[Black "Sulc, Gordana"]
[Result "1-0"]
[WhiteElo "1997"]
[BlackElo "1961"]
[PlyCount "61"]
[EventDate "2008.12.05"]
[EventType "swiss (rapid)"]
[EventRounds "7"]
[EventCountry "CRO"]
[SourceTitle "EXT 2010"]
[Source "ChessBase"]
[SourceDate "2010.11.25"]
[SourceVersion "1"]
[SourceVersionDate "2010.11.25"]
[SourceQuality "1"]

1. e4 c5 2. b3 a6 3. Bb2 Nc6 4. Nc3 d6 5. f4 Nf6 6. Nf3 Bg4 7. Be2 e6 8. 0-0 Be7 9. h3 Bxf3 10. Bxf3 Nd4 11. e5 dxe5 12. fxe5 Nd7 13. Bxb7 Ra7 14. Be4 Nxe5 15. Qh5 Bd6 16. Na4 h6 17. c3 g6 18. Qd1 Nb5 19. d4 Nd7 20. c4 Qg5 21. Qf3 f5 22. dxc5 Be5 23. cxb5 axb5 24. c6 Bxb2 25. cxd7+ Rxd7 26. Nxb2 fxe4 27. Qxe4 Ke7 28. Rae1 Qc5+ 29. Kh1 Qc3 30. Qxe6+ Kd8 31. Qb6+ 1-0

[Event "Valpovo op (Women)"]
[Site "Valpovo"]
[Date "2008.12.07"]
[Round "6"]
[White "Ivekovic, Ana"]
[Black "Djeno, Snjezana"]
[Result "1-0"]
[WhiteElo "1925"]
[BlackElo "1997"]
[PlyCount "95"]
[EventDate "2008.12.05"]
[EventType "swiss (rapid)"]
[EventRounds "7"]
[EventCountry "CRO"]
[SourceTitle "EXT 2010"]
[Source "ChessBase"]
[SourceDate "2010.11.25"]
[SourceVersion "1"]
[SourceVersionDate "2010.11.25"]
[SourceQuality "1"]

1. e4 c5 2. Nf3 e6 3. d4 cxd4 4. Nxd4 a6 5. a4 Qc7 6. g3 b6 7. Bg2 Bb7 8. 0-0 Nf6 9. Re1 d6 10. Nc3 Be7 11. Nb3 Nbd7 12. f4 0-0 13. Qe2 Rac8 14. Be3 Rfd8 15. Rad1 Bf8 16. Bf2 Ne8 17. f5 exf5 18. exf5 Bxg2 19. Kxg2 Nef6 20. Qxa6 Qc6+ 21. Kg1 Ne5 22. Nd4 Qd7 23. Qb5 Qc7 24. Nd5 Nxd5 25. Qxd5 Qd7 26. b3 Rc5 27. Qg2 Ng4 28. h3 Nxf2 29. Qxf2 Be7 30. Nb5 d5 31. c4 Rxb5 32. Rxe7 Qxe7 33. axb5 dxc4 34. Rxd8+ Qxd8 35. bxc4 Qc7 36. g4 Kf8 37. Kg2 Qd6 38. Qe3 f6 39. Kf3 Kf7 40. Ke4 Ke7 41. Qd4 Qc7 42. Qd5 Qd6 43. Qxd6+ Kxd6 44. Kd4 g5 45. fxg6 hxg6 46. h4 Ke6 47. h5 f5 48. gxf5+ 1-0

[Event "CRO-chT (Women) 17th"]
[Site "Sibenik"]
[Date "2008.10.02"]
[Round "6"]
[White "Djeno, Snjezana"]
[Black "Mrakovcic, Karmen"]
[Result "1-0"]
[WhiteElo "1997"]
[BlackElo "1685"]
[PlyCount "63"]
[EventDate "2008.09.27"]
[EventType "team"]
[EventRounds "9"]
[EventCountry "CRO"]
[SourceTitle "CBM 126 Extra"]
[Source "ChessBase"]
[SourceDate "2008.11.05"]
[SourceVersion "1"]
[SourceVersionDate "2008.11.05"]
[SourceQuality "1"]

1. Nf3 d6 2. d4 g6 3. c4 Bg7 4. e4 Nf6 5. Nc3 Nbd7 6. Be2 0-0 7. 0-0 c6 8. Qc2 Qc7 9. Rb1 e5 10. Rd1 exd4 11. Nxd4 a6 12. Be3 c5 13. Nf3 Ne5 14. Nxe5 dxe5 15. Na4 b6 16. b4 Bb7 17. f3 Bc6 18. Nxb6 Qxb6 19. Bxc5 Qb7 20. Bxf8 Rxf8 21. b5 axb5 22. cxb5 Bd7 23. Bc4 Rc8 24. Qb3 Be8 25. a4 Qe7 26. Rbc1 Rd8 27. Kh1 Nh5 28. b6 Bh6 29. Rxd8 Qxd8 30. Rd1 Qb8 31. a5 Bg5 32. a6 1-0

[Event "Zagreb op-B"]
[Site "Zagreb"]
[Date "2008.05.17"]
[Round "7"]
[White "Djeno, Snjezana"]
[Black "Margitic, Zdravko"]
[Result "1-0"]
[WhiteElo "1966"]
[BlackElo "2199"]
[PlyCount "83"]
[EventDate "2008.05.12"]
[EventType "swiss"]
[EventRounds "9"]
[EventCountry "CRO"]
[SourceTitle "CBM 124 Extra"]
[Source "ChessBase"]
[SourceDate "2008.07.03"]
[SourceVersion "1"]
[SourceVersionDate "2008.07.03"]
[SourceQuality "1"]

1. c4 e5 2. Nc3 Nf6 3. d3 Bc5 4. Nf3 d6 5. g3 c6 6. Bg2 0-0 7. 0-0 h6 8. e3 Bg4 9. d4 exd4 10. exd4 Bb6 11. d5 Qd7 12. Bf4 Bc5 13. a3 a5 14. dxc6 Nxc6 15. Qd2 Kh7 16. Rad1 Rad8 17. Rfe1 Qf5 18. Nd5 Kh8 19. Nh4 Qh5 20. Nxf6 gxf6 21. Bxh6 Rfe8 22. Qf4 f5 23. Rb1 Kh7 24. Bg5 Rc8 25. h3 Rg8 26. Bf6 Ne5 27. Bxe5 dxe5 28. Qxe5 f6 29. Qxf6 Bxh3 30. Bxh3 Rxg3+ 31. Kh2 Rxh3+ 32. Kxh3 Rf8 33. Qg6+ Qxg6 34. Nxg6 Kxg6 35. f3 f4 36. Re5 b6 37. Rd1 Kf6 38. Rdd5 Rh8+ 39. Rh5 Re8 40. Rhf5+ Kg6 41. Rxc5 bxc5 42. Rxc5 1-0

[Event "Zagreb op-B"]
[Site "Zagreb"]
[Date "2008.05.12"]
[Round "1"]
[White "Djeno, Snjezana"]
[Black "Jelecevic, Ivo"]
[Result "0-1"]
[WhiteElo "1966"]
[BlackElo "2232"]
[PlyCount "59"]
[EventDate "2008.05.12"]
[EventType "swiss"]
[EventRounds "9"]
[EventCountry "CRO"]
[SourceTitle "CBM 124 Extra"]
[Source "ChessBase"]
[SourceDate "2008.07.03"]
[SourceVersion "1"]
[SourceVersionDate "2008.07.03"]
[SourceQuality "1"]

1. e4 c5 2. b3 d6 3. f4 Nf6 4. Nc3 g6 5. Bb2 Bg7 6. Nd5 Nbd7 7. Bb5 0-0 8. Bxd7 Bxd7 9. Nxf6+ exf6 10. d3 Re8 11. Ne2 d5 12. 0-0 dxe4 13. dxe4 Rxe4 14. Ng3 Re8 15. f5 Bc6 16. Qg4 Qd2 17. Rf2 Qe3 18. Rd1 Rad8 19. Nf1 Qe4 20. Qxe4 Bxe4 21. Rxd8 Rxd8 22. g4 c4 23. h3 Bf8 24. Bxf6 Rd1 25. Re2 Bc5+ 26. Kh2 Bc6 27. Nd2 Bd6+ 28. Be5 Bxe5+ 29. Rxe5 Rxd2+ 30. Kg3 0-1

[Event "CRO-chT (Women)"]
[Site "Sibenik"]
[Date "2007.10.20"]
[Round "8"]
[White "Grguric, Daria"]
[Black "Djeno, Snjezana"]
[Result "1-0"]
[WhiteElo "1841"]
[BlackElo "1940"]
[PlyCount "87"]
[EventDate "2007.10.13"]
[EventType "team"]
[EventRounds "9"]
[EventCountry "CRO"]
[SourceTitle "EXT 2008"]
[Source "ChessBase"]
[SourceDate "2007.11.25"]
[SourceVersion "1"]
[SourceVersionDate "2007.11.25"]
[SourceQuality "1"]

1. d4 Nf6 2. c4 e6 3. Nc3 Bb4 4. Qc2 0-0 5. Nf3 c5 6. dxc5 Qa5 7. Bd2 Na6 8. e3 Nxc5 9. Be2 d5 10. 0-0 Nce4 11. Nxe4 Nxe4 12. Bxb4 Qxb4 13. a3 Qe7 14. Bd3 Nf6 15. cxd5 exd5 16. Rac1 Rd8 17. Qc7 Qe8 18. Nd4 Bd7 19. Nf5 b6 20. Qg3 Qf8 21. Rc7 Ne8 22. Rc2 Kh8 23. Rfc1 Nf6 24. Rc7 Ne8 25. R7c2 Ba4 26. Rc3 Bd7 27. R1c2 h6 28. h3 Bxf5 29. Bxf5 Nd6 30. Bd3 Ne8 31. Qf3 Qe7 32. Qf5 g6 33. Qf4 Kh7 34. h4 Rd6 35. h5 Rf6 36. hxg6+ fxg6 37. Qg3 Rd8 38. Bb5 Ng7 39. Rc7 Qf8 40. Rxa7 Rf7 41. Rxf7 Qxf7 42. Rc7 Qf5 43. Rxg7+ Kxg7 44. Qc7+ 1-0

[Event "CRO-chT (Women)"]
[Site "Sibenik"]
[Date "2007.10.18"]
[Round "6"]
[White "Ascic, Iva"]
[Black "Djeno, Snjezana"]
[Result "0-1"]
[WhiteElo "2041"]
[BlackElo "1940"]
[PlyCount "64"]
[EventDate "2007.10.13"]
[EventType "team"]
[EventRounds "9"]
[EventCountry "CRO"]
[SourceTitle "EXT 2008"]
[Source "ChessBase"]
[SourceDate "2007.11.25"]
[SourceVersion "1"]
[SourceVersionDate "2007.11.25"]
[SourceQuality "1"]

1. e4 e5 2. Nf3 Nf6 3. Nxe5 d6 4. Nf3 Nxe4 5. d4 d5 6. Bd3 Bd6 7. 0-0 0-0 8. c4 c6 9. Nc3 Nxc3 10. bxc3 dxc4 11. Bxc4 Bg4 12. h3 Bh5 13. Bd3 Nd7 14. Be3 Qc7 15. Bxh7+ Kxh7 16. Ng5+ Kg8 17. Qxh5 Nf6 18. Qf3 Rae8 19. Rab1 Re7 20. h4 Rfe8 21. c4 b6 22. Rb3 Qd7 23. g3 Bc7 24. Kg2 Ng4 25. Bf4 Bxf4 26. Qxf4 Re2 27. Nxf7 Rf8 28. Qf3 Rxa2 29. d5 cxd5 30. cxd5 Rxf7 31. Qe4 Nxf2 32. Qc4 Qh3+ 0-1